Nukleárna farmácia
Saved in:
| Format: | Book |
|---|---|
| Language: | Slovak |
| Published: |
Bratislava :
Alfa,
1981
|
| Tags: |
No Tags, Be the first to tag this record!
|
MARC
| LEADER | 00000nam a22000003a 4500 | ||
|---|---|---|---|
| 001 | stu90909 | ||
| 005 | 20141121200113.1 | ||
| 008 | 041011s1981------------------------slo-d | ||
| 040 | |a STU |b slo | ||
| 041 | 0 | |a slo | |
| 080 | |a 621.386.8 | ||
| 080 | |a 615.84.9 | ||
| 245 | |a Nukleárna farmácia | ||
| 260 | |a Bratislava : |b Alfa, |c 1981 | ||
| 300 | |a 286 s | ||
| 996 | |b E53188 |c E*53188 |l EE10 |s P |a 0 |w stu90909_0001 | ||